• 首页
  • 本馆介绍
  • 公告通知
  • 最新文献
  • 馆藏检索
  • 电子资源
  • 读者导购
  • 参考咨询
  • 我的图书馆
  • 登录
  • 详细信息显示
  • 放入我的书架
  • 预约/预借图书
  • 作者相关作品
  • 分类相关作品
  • 丛书相关作品
  • 出版社相关作品

书目信息

  • 表格格式
  • 工作单格式
  • 卡片格式
题名:
岭南文史论稿
    
 
作者: 曹旅宁 著
分册:  
出版信息: 广州   广东人民出版社  2015
页数: 161页
开本: 26cm
丛书名: 文化广州论丛
单 册:
中图分类: K296.5
科图分类:
主题词: 文史资料--广东
电子资源:
ISBN: 978-7-218-10145-3
000 00961oam2 2200265 45
001 012001004052
005 20140928162348.0
010    @a978-7-218-10145-3@dCNY30.00
100    @a20151215d2015 em y0chiy50 ea
101 0  @achi
102    @aCN@b440000
105    @ay z 000yy
106    @ar
200 1  @a岭南文史论稿@9ling nan wen shi lun gao@b专著@f曹旅宁著
210    @a广州@c广东人民出版社@d2015
215    @a161页@d26cm
225 1  @a文化广州论丛@f广州市社会科学界联合会编
300    @a岭南文史研究系列
330    @a本书分为南越国历史文化、岭南中古历史文化、明清岭南佛教史研究、近代岭南历史文化、清末民初的广东文化述论五个篇目。内容包括:从出土简牍考证秦始攻南越之年代、南越王墓出土的生器玉角杯考释、广州南越王墓出土铜提筒图像试释等。
461  0 @12001 @a文化广州论丛
606 0  @a文史资料@y广东
690    @aK296.5@v5
701  0 @a曹旅宁@9cao lü ning@f(1965~)@4著
801  0 @aCN@b上海新华@c20180901
905    @b1165571-5@dK296.5@e393@f5
    
    岭南文史论稿/曹旅宁著.-广州:广东人民出版社,2015
    161页;26cm.-(文化广州论丛/广州市社会科学界联合会编)
    岭南文史研究系列
    
    ISBN 978-7-218-10145-3:CNY30.00
    本书分为南越国历史文化、岭南中古历史文化、明清岭南佛教史研究、近代岭南历史文化、清末民初的广东文化述论五个篇目。内容包括:从出土简牍考证秦始攻南越之年代、南越王墓出土的生器玉角杯考释、广州南越王墓出土铜提筒图像试释等。
●
相关链接 在E读中查询图书 在五车中查询图书 在当当中查询图书 在豆瓣中查询图书


正题名:岭南文史论稿     索取号:K296.5/393         预约/预借

序号 登录号 条形码 馆藏地/架位号 状态 备注
1 1165571   211655715   第二样本阅览室/ [索取号:K296.5/393] 在馆    
2 1165572   211655724   密集书库-史法系/ [索取号:K296.5/393] 在馆    
3 1165573   211655733   第二借阅区/ [索取号:K296.5/393] 在馆    
4 1165574   211655742   第二借阅区/ [索取号:K296.5/393] 在馆    
5 1165575   211655751   第二借阅区/ [索取号:K296.5/393] 在馆    
唐山师范学院图书馆 欢迎您!
大连网信软件有限公司© 版权所有